Statistics for Asian Cup 2019: các đội lọt vào vòng knockout

Click here to take the quiz!

General Stats

  • This quiz has been taken 4 times
  • The average score is 5 of 16

Answer Stats

ĐiểmTên đội% Correct
1797Hàn Quốc
100%
1814Iran
100%
1612Iraq
50%
1762Nhật Bản
50%
1516Oman
50%
1360Thái Lan
50%
1721Úc
50%
1344Việt Nam
50%
1422Bahrain
0%
1521Jordan
0%
1299Kyrgyzstan
0%
1627Qatar
0%
1589Ả-rập Xê-út
0%
1520Trung Quốc
0%
1471UAE
0%
1604Uzbekistan
0%

Score Distribution

Percentile by Number Answered

Percent of People with Each Score

Your Score History

You have not taken this quiz